000 01794nam a22003137a 4500
005 20220224143611.0
008 220224b ||||| |||| 00| 0 eng d
020 _a9788171339573
040 _cAloy
041 _aeng
082 _223
_a581
_bSINT
100 _aV Singh and others
_921827
245 _aText Book of Botany: Diversity and Systematics of Seed Plants:
_bGymnosperms and Taxonomy of Angiosperms
250 _a3rd ed.
260 _aMeerut
_bRastogi Publications
_c2015
300 _aviii,255 p.
_bPB
_c24x13 cm.
365 _2Botany
_aMLSH21CRB335
_b188.00
_c
_d235.00
_e20-02-2022
520 _aCONTENTS: Section-I Gymnosperms: 1. Gymnosperms: General Characters and Affinities, 2. Gymnosperms: Classification and Distribution, 3. Pteridospermopsida: Lyginopteris; Heterangium; Glossopteris, 4. Cycadeoidospida (Bennettiopsida) Cycadeoidales: Ptilophyllum, Williamsonia, Cycadeodea, 5. Cycadales: Cycas, 6. Coniferales: Pinus, 7. Taxales: Taxus, 8. Ephedrales: Ephedra, 9. Gnetales :Gnetum Section-II Taxonomy: 1. Origin and Evolution of Angiosperms, 2. History of Taxonomy and Systems of Classification, 3. Plant Identification and Taxonomic Keys, 4. Taxonomic Litrature, 5. Plant Nomenclature, 6. Herbarium Techniques, 7. Modern Trends in Plant Taxonomy, 8. Synopsis of Selected Families, 9. Some Important Families of Dicotyledons, 10. Some Important Families of Monocotyledons, 11. Primitive Angiosperms, Botanical Survay of India
650 _aBotany
_921811
650 _aGymnosperms
_921812
650 _aTaxonomy
_921813
650 _aDicotyledons
_921814
650 _aMonocotyledons
_921815
650 _aBotanical Survey of India
_921816
700 _aSINGH (V)
_921817
700 _aPANDE (P C)
_921818
700 _aJAIN (D K)
_921819
942 _2ddc
_cBK
999 _c221593
_d221593